Powiaty województwa wielkopolskiego - nagła śmierć - Statystyki

Ogólne statystyki
  • Ten quiz został rozwiązany 817 razy
  • Średni wynik to 15 z 25
Answers on the Grid
Answers color-coded by a green-red scale on the quiz's grid according to % correct below.
Kępiński
Limanowski
Kolski
Kaliski
Szamotulski
Średzki
Gołdapski
Śremski
Łobeski
Kościański
Rawicki
Drawski
Gnieźnieński
Pińczowski
Pleszewski
Turecki
Rycki
gorzowski
Opole
Jarociński
Gorzów
Wielkopolski
Opatowski
Krotoszyński
Zgierski
Świecki
Oławski
Złotoryjski
Wrzesiński
Legnicki
Leszno
Skierniewicki
Wieluński
Gostyński
Jaworski
Poznań
Sieradzki
Żywiecki
Ostrowski
Kozienicki
Konin
Płock
Łowicki
Kalisz
Koniński
Człuchowski
Płocki
Grodziski
Obornicki
Nowotomyski
Leszczyński
 
Statystyki odpowiedzi
Odpowiedź % Poprawnych
Kaliski
81%
Gnieźnieński
75%
Szamotulski
72%
Poznań
70%
Śremski
70%
Konin
67%
Turecki
67%
Kalisz
66%
Leszno
66%
Jarociński
64%
Koniński
64%
Kościański
64%
Średzki
63%
Wrzesiński
63%
Kolski
60%
Kępiński
58%
Obornicki
58%
Krotoszyński
57%
Leszczyński
56%
Pleszewski
55%
Rawicki
54%
Nowotomyski
51%
Gostyński
49%
Ostrowski
49%
Grodziski
47%
Nie znaleziono quizów pasujących do podanych kryteriów
Rozkład punktacji
Procent ludzi z każdym wynikiem
Percentyl według liczby udzielonych odpowiedzi
Twoja historia wyników
Nie rozwiązałeś tego quizu